Normal view
MARC view
- Malik , SGT Saad Saleem (TCC-17)
Entry Personal Name
001 - CONTROL NUMBER
- control field: 132000
003 - CONTROL NUMBER IDENTIFIER
- control field: NUST
005 - DATE AND TIME OF LATEST TRANSACTION
- control field: 20251121183545.0
008 - FIXED-LENGTH DATA ELEMENTS
- fixed length control field: 251121|| aca||aabn | a|a d
040 ## - CATALOGING SOURCE
- Original cataloging agency: NUST
- Transcribing agency: NUST
100 ## - HEADING--PERSONAL NAME
- Personal name: Malik , SGT Saad Saleem (TCC-17)
670 ## - SOURCE DATA FOUND
- Source citation: Work cat.: (NUST)184015: Malik , SGT Saad Saleem (TCC-17), Audio Testbed /, 2009
